000
00239nam a2200097Ia 4500
008
240625s9999 xx 000 0 und d
041
_a
eng
082
_a
808.20 JAI
100
_a
JAIN ROHIT
245
_a
TO UNDERSTAND THE CONSUMER PERCEPTION AN
999
_c
37639
_d
37639